Movies Quiz

Random Movies or Actress Quiz

Movie Cast Match (1979) (Clickable) Quiz Stats

 Plays Quiz not verified by Sporcle

Score 0/50 Timer 11:00
0 Plays Today
% Correct
Star Trek: The Motion Picture
91.6%
Rocky II
91.4%
The Muppet Movie
89.6%
Kramer vs. Kramer
88.8%
Alien
88.6%
10
85.9%
Apocalypse Now
85.7%
Moonraker
85%
Mad Max
84.7%
Life of Brian
84.7%
The Jerk
82.3%
Manhattan
78.9%
Norma Rae
72.1%
The Rose
72%
Escape from Alcatraz
70.2%
The China Syndrome
68.3%
The Electric Horseman
67.1%
Meatballs
65.6%
The Champ
65.3%
1941
61.7%
Being There
60.4%
...And Justice for All.
59.3%
North Dallas Forty
58.5%
Love at First Bite
56.8%
All That Jazz
56.5%
% Correct
The Frisco Kid
51.2%
The Amityville Horror
50.1%
Caligula
49.5%
Breaking Away
48.3%
Going in Style
47.7%
The In-Laws
46.1%
Dracula
45.8%
Nosferatu the Vampyre
42.8%
Lupin the Third: The Castle of Cagliostro
38.6%
Tess
37.7%
Starting Over
36.9%
The Black Stallion
33.3%
Hair
33.3%
Time After Time
32.7%
The Warriors
32.4%
Elvis
31.9%
Beyond the Poseidon Adventure
29.9%
A Little Romance
26.6%
The Black Hole
25.2%
The Wanderers
20.8%
The Brood
18.7%
Phantasm
17.5%
Stalker
14.3%
Over the Edge
13.6%
Zombie
11.5%

You're not logged in!

Compare scores with friends on all Sporcle quizzes.
OR
Log In

Show Comments

Extras

Top Quizzes Today


Score Distribution

Your Account Isn't Verified!

In order to create a playlist on Sporcle, you need to verify the email address you used during registration. Go to your Sporcle Settings to finish the process.

Report this User

Report this user for behavior that violates our Community Guidelines.

Details: